000 00680nam a2200241 i 4500
001 C2-0337059
003 PPAK
005 20180728135910.0
008 160718s2013 cc a|||| ||||| | chi d
020 _a9787544828703
040 _aPPAK
_beng
_cPPAK
_erda
082 0 4 _a895.13
_223
090 0 0 _a895.13
_bFAN
_dK
100 1 _aFan, Shao Ting,
_eauthor
245 1 0 _aGuai wu da shi 7
264 1 _aDa Kuang, China :
_bJie Li Book ,
_c2013
300 _a196 pages :
_billustrations ;
_c21 cm
336 _2rdacontent
_atext
337 _2rdamedia
_aunmediated
338 _2rdacarrier
_avolume
650 1 0 _aChildren's stories, Chinese. ; Chinese fiction.
942 _ddc
_cB
999 _c134775
_d134775